000 00622nam a2200205 i 4500
001 146854
003 ES-MaACL
005 20250716090844.0
007 t|
008 070918s1967 sp ||||1| spa d
080 _a266.5
100 1 _aTruhlar, Karel Vladimir.
_9111558
245 1 3 _aLa hora de los laicos /
_cKarel Vladimir Truhlar ; [traducción de José Luis Clemente Girón].
260 _aMadrid :
_bRazón,
_c[1967]
300 _a190 p. ;
_c19 cm.
650 1 4 _aApostolado seglar
_99923
700 1 _aClemente Girón, José Luis.
_939204
852 _aES-MaACL
_jC-34491
_bR.65424
999 _c146854
_d146854